中国近现代著名作家的原名 Original names of famous modern Chinese writers - Statistics

General Stats
  • This quiz has been taken 69 times
  • The average score is 5 of 12
Answer Stats
常用名 原名 % Correct
鲁迅 周树人
100%
老舍 舒庆春
89%
冰心 谢婉莹
73%
金庸 查良镛
72%
巴金 李尧棠
38%
曹禺 万家宝
36%
茅盾 沈德鸿
31%
莫言 管谟业
31%
郭沫若 郭开贞
20%
叶圣陶 叶绍钧
9%
琼瑶 陈喆
9%
丁玲 蒋伟
6%
No matching quizzes found
Score Distribution
Percent of People with Each Score
Percentile by Number Answered
Your Score History
You have not taken this quiz